000 00678nam a22002297a 4500
003 UA-OsUOA
001 42088
007 ta
008 20081119b un ||||| |||| 00| 0 ukr d
100 _aMartynowych Orest T.
090 _a94(477).152 (К)
942 _cBK
040 _aUA-OsUOA
_bukr
_cUA-OsUOA
_dUA-OsUOA
245 _aThe Ukrainian Bloc Settlement in East Central Alberta, 1890-1930
_bA History
300 _a421 с.
_bСупроводжувальні матеріали
955 _a4
041 _aukr
080 _a94(477).152 (К)
260 _b"Alberta Culture"
_c1985
650 7 _a9 Географія. Біографії. Історія
_2UDC
999 _c440590
_d440590